000 00568nam a22002057a 4500
999 _c7900
_d7900
003 OSt
005 20220718131109.0
008 220718b ||||| |||| 00| 0 eng d
020 _a978-1-292-08611-8
040 _cDDC
082 _a658.7
100 _aKenneth LYSONS
_916049
245 _aPROCUREMENT AND SUPPLY CHAIN MANAGEMENT
250 _a9TH ED
260 _aNEWYORK
_bPEARSON
_c2016
300 _aXX,660P:
_bILL,COL;
_c24.4
505 _aINCLUDES INDEX, APPENDIX AND REFERENCES
650 _aPURCHASING AND SUPPLY CHAIN MANAGEMENT
_916050
942 _2ddc
_cBOOK